Najczęściej występujące pierwiastki w ciele człowieka - Statystyki

Ogólne statystyki
  • Ten quiz został rozwiązany 35 razy
  • Średni wynik to 10 z 12
Statystyki odpowiedzi
Proporcja Pierwiastek % Poprawnych
65% Tlen
100%
10% Wodór
100%
18% Węgiel
96%
0,006% Żelazo
96%
0,25% Siarka
93%
0,05% Magnez
89%
3% Azot
85%
0,25% Potas
85%
1,1% Fosfor
78%
1,4% Wapń
78%
0,15% Sód
74%
0,15% Chlor
70%
Nie znaleziono quizów pasujących do podanych kryteriów
Rozkład punktacji
Procent ludzi z każdym wynikiem
Percentyl według liczby udzielonych odpowiedzi
Twoja historia wyników
Nie rozwiązałeś tego quizu